000 00557nam a22001817a 4500
005 20231030112059.0
008 231030b |||||||| |||| 00| 0 eng d
020 _a9780702184529
041 _aEnglish
082 _a347.1 VAN
100 _aVan den Heerver, P
_lEnglish
245 _aObjections in Civil Litigation /
_cP Van den Heerver
260 _aCape Town :
_bJuta & Co Ltd,
_c2010
300 _bxiv, 165 pages ;
_c25 cm.
490 _aObjections in Civil Litigation
650 _alegal practice
_bLaw
942 _cBK
_6ALISON_BN_VRIES
999 _c139
_d139